000 00751nam a2200241Ia 4500
003 OSt
005 20220923214830.0
006 a|||||r|||| 00| 0
007 ta
008 220922b |||||||| |||| 00| 0 hin d
024 _a173,149
037 _cTextual
040 _aARTS
_cARTS
_bhin
041 _2hin
_ahin
082 _aO152,3NSH18,GK, L3
100 _aश्रीवास्तव, शिव नारायण
245 0 _aगंगा के किनारे
246 _aGangā ke kināre
260 _c1973
650 _aहिन्दी साहित्य
_9156264
942 _hO152,3NSH18,GK, L3
_cTEXL
_2CC
999 _c327056
_d327056